Normal view
MARC view
- Fitzgerald, Saira
Entry Personal Name
001 - CONTROL NUMBER
- control field: 41872
003 - CONTROL NUMBER IDENTIFIER
- control field: DLC
005 - DATE AND TIME OF LATEST TRANSACTION
- control field: 20181103093730.0
008 - FIXED-LENGTH DATA ELEMENTS
- fixed length control field: 160219n| azannaabn |n aaa
010 ## - LIBRARY OF CONGRESS CONTROL NUMBER
- LC control number: n 2016008901
040 ## - CATALOGING SOURCE
- Original cataloging agency: DLC
- Language of cataloging: eng
- Description conventions: rda
- Transcribing agency: DLC
- Modifying agency: EG-ScBUE
100 1# - HEADING--PERSONAL NAME
- Personal name: Fitzgerald, Saira
670 ## - SOURCE DATA FOUND
- Source citation: The power of language, [2016]
- Information found: ECIP t.p. (Saira Fitzgerald) dataview (teacher and curriculum developer)